Institutions, livelihood and natural resource management / (Record no. 93695)

MARC details
000 -LEADER
fixed length control field 00960nam a22002417a 4500
005 - DATE AND TIME OF LATEST TRANSACTION
control field 20150713130527.0
010 ## - LCCN (DPL NO)
LC control number ENG-113105
020 ## - INTERNATIONAL STANDARD BOOK NUMBER
International Standard Book Number 9789380574059
Terms of availability 650.00
035 ## - SYSTEM CONTROL NUMBER
System control number EN-96637
037 ## - SOURCE OF ACQUISITION
Source of stock number/acquisition DBAD/PUB
082 ## - DEWEY DECIMAL CLASSIFICATION NUMBER
Classification number 634.920954
245 ## - TITLE STATEMENT
Title Institutions, livelihood and natural resource management /
Statement of responsibility, etc edited by Kailas Sarap
260 ## - PUBLICATION, DISTRIBUTION, ETC. (IMPRINT)
Place of publication, distribution, etc New Delhi
Name of publisher, distributor, etc Bookwell
Date of publication, distribution, etc 2010
270 ## - ADDRESS
Address 3/79, Nirankari Colony,
City New Delhi
Postal code 110009
300 ## - PHYSICAL DESCRIPTION
Extent xix,295p. :
Dimensions 23cm(Hb)
Other physical details 1map
500 ## - GENERAL NOTE
General note Includes bibliographical references.
520 ## - SUMMARY, ETC.
Summary, etc Papers presented at the two seminars organized by P.G. Dept. of Economics, Sambalpur University.
650 ## - SUBJECT ADDED ENTRY--TOPICAL TERM
Topical term or geographic name as entry element Biodiversity conservation
Geographic subdivision India
General subdivision Citizen participation
Form subdivision Congresses.
650 ## - SUBJECT ADDED ENTRY--TOPICAL TERM
Topical term or geographic name as entry element Forest management
Geographic subdivision India
General subdivision Citizen participation
Form subdivision Congresses.
650 ## - SUBJECT ADDED ENTRY--TOPICAL TERM
Topical term or geographic name as entry element Forest people
General subdivision Ecology
Geographic subdivision India
Form subdivision Congresses.
700 ## - ADDED ENTRY--PERSONAL NAME
Personal name Sarap, Kailas
942 ## - ADDED ENTRY ELEMENTS (KOHA)
Source of classification or shelving scheme Dewey Decimal Classification
Item type English Books
Call number suffix INS
Classification part 634.920954
Holdings
Withdrawn status Lost status Not for loan Collection code Home library Current library Date acquired Source of acquisition Cost, normal purchase price Full call number Barcode Copy number Cost, replacement price Koha item type
    Not For Loan Non-fiction D.B.Act.Division D.B.Act.Division 18/05/2015 DBAD/PUB 650.00 634.920954 INS EN-96637 1 650.00 English Books

© Delhi Public Library
Hit Counter
free hit counter